[Event "2R-LV-D.H.- Zuri Baltza - Arrasate/Arlutz: 2-2"]
[Site "Bergara"]
[Date "2017.01.21"]
[Round "2.3"]
[White "Miguel Quintero, Antonio"]
[Black "Angulo Martinez, Jon"]
[Result "1-0"]
[WhiteElo "2166"]
[BlackElo "2213"]
[PlyCount "107"]
[EventDate "2017.01.14"]

1. e4 c5 2. c3 Nf6 3. e5 Nd5 4. d4 Nc6 5. Nf3 e6 6. Bc4 d6 7. O-O Nb6 8. Bb3
dxe5 9. Nxe5 cxd4 10. Nxc6 bxc6 11. Qxd4 Qxd4 12. cxd4 Ba6 13. Rd1 Rd8 14. Nc3
Be7 15. Be3 O-O 16. Rac1 Bc4 17. Bxc4 Nxc4 18. Na4 Na5 19. a3 Rd6 20. b4 Nb7
21. Bf4 Rd7 22. Rxc6 Rfd8 23. Rc7 Rxc7 24. Bxc7 Rd7 25. Bf4 a5 26. Nb6 Rd8 27.
Bc7 Re8 28. bxa5 Nxa5 29. a4 Bd8 30. Bxd8 Rxd8 31. Kf1 Rd6 32. Rc1 g6 33. Rc8+
Kg7 34. Nc4 Rc6 35. Rxc6 Nxc6 36. a5 Nxd4 37. a6 Nb5 38. Ne5 Na7 39. Ke2 Kf6
40. Nc4 e5 41. Kd3 Ke6 42. Kc3 Kd5 43. Ne3+ Kc5 44. Ng4 Kd6 45. Kc4 f5 46. Nf6
h6 47. Nd5 g5 48. Ne3 Ke6 49. Kc5 f4 50. Nc2 e4 51. Kb6 Nc8+ 52. Kc7 Nd6 53.
Nd4+ Kd5 54. a7 1-0

[Event "2R-LV-D.H.- Zuri Baltza - Arrasate/Arlutz: 2-2"]
[Site "Bergara"]
[Date "2017.01.21"]
[Round "2.3"]
[White "Fernandez Hernandez, Gerardo"]
[Black "Ruiz Abad, Juan Manuel"]
[Result "1-0"]
[WhiteElo "2175"]
[BlackElo "2097"]
[PlyCount "131"]
[EventDate "2017.01.14"]

1. e4 c5 2. d3 Nc6 3. g3 d5 4. Nd2 Nf6 5. Bg2 e5 6. Ngf3 Be7 7. O-O O-O 8. exd5
Nxd5 9. Nc4 f6 10. c3 Be6 11. Re1 Qd7 12. Qe2 Nc7 13. Nh4 b5 14. Ne3 f5 15. Qf3
e4 16. dxe4 Ne5 17. Qd1 Bxh4 18. exf5 Bxf5 19. Qxd7 Bxd7 20. Nd5 Rae8 21. Bf4
Nd3 22. Red1 Nxf4 23. Nxc7 Bg4 24. Nxe8 Bxd1 25. Rxd1 Nxg2 26. gxh4 Nxh4 27.
Nc7 Nf3+ 28. Kg2 Ne5 29. Ne6 Rf5 30. Nxc5 Rg5+ 31. Kf1 Nf3 32. Rd8+ Kf7 33. Ne4
Nxh2+ 34. Ke2 Re5 35. f3 g5 36. Rd7+ Kg6 37. Rd6+ Kh5 38. Kf2 g4 39. Nf6+ Kh4
40. Nxg4 Nxg4+ 41. fxg4 Kxg4 42. Rd4+ Kg5 43. Rd7 Rf5+ 44. Kg3 h5 45. Rg7+ Kf6
46. Rxa7 Re5 47. a4 bxa4 48. Rxa4 Re2 49. Rb4 Ke5 50. Rb5+ Ke4 51. c4 Rc2 52.
b3 Kd4 53. Kh4 Rh2+ 54. Kg3 Rc2 55. Rb8 Rc3+ 56. Kh4 Kc5 57. Kxh5 Rg3 58. Rb5+
Kd4 59. c5 Kd5 60. b4 Rg2 61. Rb6 Rg7 62. c6 Kd6 63. b5 Ra7 64. Rb8 Kc7 65. Rg8
Kb6 66. Rg5 1-0

[Event "2R-LV-D.H.- Zuri Baltza - Arrasate/Arlutz: 2-2"]
[Site "Bergara"]
[Date "2017.01.21"]
[Round "2.3"]
[White "Alcaide Luque, Aitor"]
[Black "Besga Lopez, Jose Angel"]
[Result "1/2-1/2"]
[WhiteElo "2101"]
[BlackElo "2140"]
[PlyCount "63"]
[EventDate "2017.01.14"]

1. d4 d5 2. c4 c6 3. Nf3 Bg4 4. Ne5 Qc8 5. Nc3 Nf6 6. cxd5 Nxd5 7. Qb3 Be6 8.
e4 Nxc3 9. Qxc3 Nd7 10. Nd3 Nf6 11. f3 g6 12. Nc5 Bg7 13. Qb4 b6 14. Nxe6 Qxe6
15. Bc4 Qd7 16. Be3 O-O 17. O-O a5 18. Qd2 b5 19. Be2 Rfd8 20. Rfd1 Ne8 21.
Rac1 Nc7 22. Qc2 Ne6 23. d5 cxd5 24. Rxd5 Qc8 25. Qb3 Qb7 26. Rcd1 b4 27. Qa4
Rxd5 28. Rxd5 Bxb2 29. Rxa5 Rxa5 30. Qxa5 Kg7 31. Qb5 Qxb5 32. Bxb5 1/2-1/2

[Event "2R-LV-D.H.- Orvina (A) - Conteneo: 2'5-1'5"]
[Site "Bergara"]
[Date "2017.01.21"]
[Round "2.4"]
[White "Ortega Lopez, Mikel"]
[Black "Nava Pereda, Carlos"]
[Result "1/2-1/2"]
[WhiteElo "2258"]
[BlackElo "2189"]
[PlyCount "75"]
[EventDate "2017.01.14"]

1. e4 c5 2. Nf3 Nc6 3. d4 cxd4 4. Nxd4 Nf6 5. Nc3 d6 6. f3 e5 7. Nb3 Be7 8. Be3
O-O 9. Qd2 a5 10. Na4 Be6 11. Nb6 a4 12. Nxa8 Qxa8 13. Nc1 a3 14. bxa3 Qxa3 15.
Rb1 d5 16. Rb3 Qa8 17. exd5 Nxd5 18. Bd3 Nxe3 19. Qxe3 Bxb3 20. Nxb3 Bb4+ 21.
Kf2 Qxa2 22. Rd1 Rd8 23. Kf1 g6 24. Qe2 Qa7 25. Be4 Rxd1+ 26. Qxd1 Qe3 27. g3
Kg7 28. Qe2 Qc3 29. Qb5 Ne7 30. Qxb7 Qe1+ 31. Kg2 Qe2+ 32. Kg1 Be1 33. Qb6 Nf5
34. Qc5 Ne3 35. Qxe5+ Kh6 36. Qf4+ Kg7 37. Qe5+ Kh6 38. Qf4+ 1/2-1/2

[Event "2R-LV-D.H.- Orvina (A) - Conteneo: 2'5-1'5"]
[Site "Bergara"]
[Date "2017.01.21"]
[Round "2.4"]
[White "Arnaez Gil, Juan Ignacio"]
[Black "Navarrete Delgado, Sergio"]
[Result "1/2-1/2"]
[WhiteElo "2197"]
[BlackElo "2239"]
[PlyCount "70"]
[EventDate "2017.01.14"]

1. Nf3 Nf6 2. c4 g6 3. g3 Bg7 4. Bg2 O-O 5. O-O c5 6. Nc3 Nc6 7. d4 cxd4 8.
Nxd4 Nxd4 9. Qxd4 d6 10. Bd2 Ng4 11. Qe4 Bf5 12. Qxb7 Rb8 13. Qxa7 Rxb2 14. Be1
Rc2 15. Qa3 Rxe2 16. Nxe2 Bxa1 17. Ba5 Bb2 18. Qb4 Qb8 19. Bb6 Bf6 20. Nf4 Ne5
21. Nd5 Bd3 22. Rc1 Rc8 23. c5 dxc5 24. Rxc5 Nd7 25. Nxf6+ exf6 26. Rxc8+ Qxc8
27. Qd2 Qc4 28. Be3 Ne5 29. h3 Qb5 30. a4 Qb3 31. Bd4 Bf5 32. Bxe5 fxe5 33. a5
Bd3 34. Qe3 e4 35. Kh2 Qc4 1/2-1/2

[Event "2R-LV-D.H.- Orvina (A) - Conteneo: 2'5-1'5"]
[Site "Bergara"]
[Date "2017.01.21"]
[Round "2.4"]
[White "Urriza Iricibar, Pablo"]
[Black "Sanz Castillo, Santiago"]
[Result "1-0"]
[WhiteElo "2174"]
[BlackElo "2152"]
[PlyCount "93"]
[EventDate "2017.01.14"]

1. e4 Nf6 2. e5 Nd5 3. d4 d6 4. Nf3 g6 5. Be2 Bg7 6. exd6 cxd6 7. O-O O-O 8.
Re1 Nc6 9. c3 Qc7 10. Bc4 Nb6 11. Bb3 Na5 12. Bc2 Nd5 13. Nbd2 Rb8 14. Nb3 Nc4
15. Bd3 b5 16. Qe2 Bg4 17. h3 Bxf3 18. Qxf3 e6 19. a3 a5 20. Nd2 Rfc8 21. Ne4
h6 22. h4 f5 23. Ng3 Qf7 24. Qe2 e5 25. h5 e4 26. hxg6 Qxg6 27. Bxc4 bxc4 28.
Qh5 Qxh5 29. Nxh5 Re8 30. Re2 Kf7 31. Kf1 Nf6 32. Ng3 Kg6 33. Bf4 Rb6 34. Rae1
Nd5 35. Bc1 h5 36. f3 h4 37. fxe4 fxe4 38. Nxe4 Bh6 39. Bxh6 Kxh6 40. Rf2 Re6
41. Ree2 Rb8 42. Ke1 Rbe8 43. Nxd6 Rxe2+ 44. Rxe2 Rg8 45. Kf1 Nf4 46. Rf2 Nd3
47. Rd2 1-0

[Event "2R-LV-D.H.- Orvina (A) - Conteneo: 2'5-1'5"]
[Site "Bergara"]
[Date "2017.01.21"]
[Round "2.4"]
[White "Sadusea, Johnny Fernando"]
[Black "Cinza Lopez, Javier"]
[Result "1/2-1/2"]
[WhiteElo "2102"]
[BlackElo "1990"]
[PlyCount "147"]
[EventDate "2017.01.14"]

1. e4 d5 2. exd5 Qxd5 3. Nc3 Qd8 4. d4 Nf6 5. Nf3 c6 6. Bc4 Bf5 7. O-O e6 8. a4
Bb4 9. Bg5 h6 10. Bxf6 Qxf6 11. Ne5 O-O 12. Qe2 Rd8 13. Ne4 Qh4 14. Ng3 Qf6 15.
Nh5 Qe7 16. g4 Bh7 17. c3 Bd6 18. f4 Bxe5 19. Qxe5 Qf8 20. f5 exf5 21. Rae1 Nd7
22. Qc7 Rac8 23. Qg3 c5 24. gxf5 cxd4 25. Bb5 f6 26. cxd4 a6 27. Bd3 Qf7 28.
Nf4 Nf8 29. Ne6 Nxe6 30. fxe6 Qe7 31. Bxh7+ Kxh7 32. Qd3+ Kg8 33. Qe4 Rc4 34.
Rd1 Rxa4 35. Rf5 Rd6 36. Rd5 Qxe6 37. Qxe6+ Rxe6 38. Rd7 b5 39. Kf2 Kf8 40. d5
Re7 41. Rd8+ Re8 42. Rd7 Rb4 43. Rd2 Rc8 44. Re2 Re8 45. Rd2 g5 46. b3 Rxb3 47.
Rc2 Re7 48. Rd8+ Re8 49. Rd7 Re7 50. Rd8+ Kf7 51. d6 Re4 52. Rc7+ Kg6 53. Rg8+
Kf5 54. d7 Rb2+ 55. Kf1 Rd4 56. d8=Q Rxd8 57. Rxd8 Rxh2 58. Rc6 Ra2 59. Rdd6
Ra1+ 60. Ke2 Ra2+ 61. Rd2 Ra4 62. Rdd6 Ra2+ 63. Ke3 Ra3+ 64. Rd3 Ra4 65. Rd5+
Kg6 66. Rdd6 Ra3+ 67. Rd3 Ra4 68. Rb6 h5 69. Rdd6 Ra3+ 70. Kf2 Ra2+ 71. Kg1
Ra1+ 72. Kg2 Ra2+ 73. Kg1 Ra1+ 74. Kg2 1/2-1/2

[Event "2R-LV-D.H.- Altzaga - San Juan: 0'5-3'5"]
[Site "?"]
[Date "2017.01.21"]
[Round "2.1"]
[White "Gonzalez Pereira, Asier"]
[Black "Reinaldo Castiñeira, Roi"]
[Result "0-1"]
[WhiteElo "2124"]
[BlackElo "2468"]
[PlyCount "56"]
[EventDate "2017.03.29"]
[SourceDate "2005.01.01"]
[WhiteTeam "Altzaga"]
[BlackTeam "San Juan"]

1. e4 e6 2. d4 d5 3. Nd2 Be7 4. e5 c5 5. c3 Nc6 6. Bd3 Nh6 7. Ne2 cxd4 8. cxd4
Nf5 9. Nf3 Qb6 10. Bxf5 exf5 11. Nf4 Be6 12. O-O h6 13. h4 g5 14. hxg5 hxg5 15.
Nxe6 fxe6 16. Bxg5 Bxg5 17. Nxg5 Nxd4 18. Qa4+ Ke7 19. Qa3+ Kd7 20. Rfd1 Rh4
21. g3 Rg4 22. Nh7 Rxg3+ 23. fxg3 Nc2+ 24. Kf1 Nxa3 25. Nf6+ Ke7 26. bxa3 Rh8
27. Rab1 Qxb1 28. Ng8+ Kf8 0-1

[Event "2R-LV-D.H.- Altzaga - San Juan: 0'5-3'5"]
[Site "?"]
[Date "2017.01.21"]
[Round "2.3"]
[White "Barbazan Bilbao, Xabier"]
[Black "Sanchez Carayol, Jesus"]
[Result "0-1"]
[WhiteElo "2035"]
[BlackElo "2104"]
[PlyCount "176"]
[EventDate "2017.03.29"]
[SourceDate "2005.01.01"]
[WhiteTeam "Altzaga"]
[BlackTeam "San Juan"]

1. e4 e5 2. Nf3 Nc6 3. Bb5 a6 4. Ba4 Nf6 5. O-O b5 6. Bb3 Be7 7. Re1 O-O 8. d3
d6 9. c3 Na5 10. Bc2 c5 11. Nbd2 h6 12. Nf1 Re8 13. d4 Nc6 14. d5 Nb8 15. a4 b4
16. c4 a5 17. b3 Bf8 18. h3 g6 19. Be3 Bg7 20. Qd2 Kh7 21. Ng3 Nbd7 22. Nh2 Nf8
23. Rf1 g5 24. Rac1 Ng6 25. Bd1 Nf4 26. Ng4 Ng8 27. Nh2 Ne7 28. Bg4 Rf8 29. Qc2
Ra7 30. f3 Bd7 31. Rf2 Qc8 32. Nhf1 Kh8 33. Rd1 f5 34. exf5 Nxf5 35. Nxf5 Bxf5
36. Bxf5 Qxf5 37. Qxf5 Rxf5 38. Ng3 Rff7 39. Ne4 Rad7 40. Kh2 Nh5 41. g3 Bf8
42. Kg2 Be7 43. Rdf1 Rd8 44. Rh1 Rdf8 45. Bd2 Kg7 46. Be3 Kg6 47. Bd2 Ng7 48.
g4 Ne8 49. Be3 Nf6 50. Ng3 Nd7 51. Nf5 Rxf5 52. gxf5+ Rxf5 53. Rff1 Nf6 54. h4
gxh4 55. Rxh4 h5 56. Rh3 Kf7 57. Rf2 Ne8 58. Kf1 h4 59. Rg2 Ng7 60. Rg4 Nh5 61.
Ke2 Ng3+ 62. Kf2 Bf6 63. Rh2 e4 64. f4 Rh5 65. Ke1 Nf5 66. Ke2 h3 67. Bf2 Rh8
68. Rg1 e3 69. Bxe3 Nxe3 70. Rg3 Ng2 71. Kf3 Nxf4 72. Kxf4 Be5+ 73. Kf3 Bxg3
74. Kxg3 Kg6 75. Kg4 Rh6 76. Kf4 Kf6 77. Ke4 Kg5 78. Kf3 Kf5 79. Kg3 Rg6+ 80.
Kh4 Kf4 81. Rf2+ Ke3 82. Rh2 Rh6+ 83. Kg5 Rh8 84. Kf6 Kf3 85. Ke7 Rh6 86. Rxh3+
Rxh3 87. Kxd6 Ke4 88. Kxc5 Rxb3 0-1

[Event "2R-LV-D.H.- Altzaga - San Juan: 0'5-3'5"]
[Site "?"]
[Date "2017.01.21"]
[Round "2.2"]
[White "Bayo Milagro, Alvaro"]
[Black "Llano Olavarrieta, Joseba"]
[Result "1-0"]
[WhiteElo "2240"]
[BlackElo "2018"]
[PlyCount "117"]
[EventDate "2017.03.29"]
[SourceDate "2005.01.01"]
[WhiteTeam "San Juan "]
[BlackTeam "Altzaga"]

1. e4 c5 2. Nf3 e6 3. c3 Nf6 4. e5 Nd5 5. d4 cxd4 6. cxd4 b6 7. Bd3 Ba6 8. Bxa6
Nxa6 9. O-O Be7 10. Nbd2 O-O 11. Qe2 Nab4 12. Ne4 f6 13. Rd1 Nc6 14. Nc3 Nxc3
15. bxc3 fxe5 16. d5 exd5 17. Rxd5 Qc7 18. Qc4 Kh8 19. Nxe5 Rac8 20. Nxd7 Rf7
21. Be3 Bd6 22. Rxd6 Qxd6 23. Qxf7 Rd8 24. Bxb6 axb6 25. Re1 Ne5 26. Nxe5 Qxe5
27. Qf8+ Rxf8 28. Rxe5 Kg8 29. Kf1 Ra8 30. Re2 Kf7 31. Ke1 Ra3 32. Rc2 Ke6 33.
Kd2 Kd5 34. Kc1 Kc4 35. Kb2 Ra7 36. Re2 b5 37. Re4+ Kd3 38. Re5 Kc4 39. f4 Rd7
40. Re4+ Kc5 41. Kb3 Rd2 42. Re5+ Kc6 43. Rg5 g6 44. h4 Rd1 45. h5 gxh5 46.
Rxh5 Rb1+ 47. Kc2 Ra1 48. Kb2 Rf1 49. g3 Rg1 50. Rg5 Rg2+ 51. Kb3 Rg1 52. f5
Kd5 53. Rg7 h5 54. Rh7 Rxg3 55. Rxh5 Rg1 56. f6+ Ke6 57. Rxb5 Kxf6 58. Rd5 Ke6
59. c4 {...} 1-0

[Event "2R-LV-D.H.- Altzaga - San Juan: 0'5-3'5"]
[Site "?"]
[Date "2017.01.21"]
[Round "2.4"]
[White "Perez Marchal, Javier"]
[Black "Ostolozaga Barragan, Eneko"]
[Result "1/2-1/2"]
[WhiteElo "2084"]
[BlackElo "1964"]
[PlyCount "88"]
[EventDate "2017.03.29"]
[SourceDate "2005.01.01"]
[WhiteTeam "San Juan "]
[BlackTeam "Altzaga"]

1. e4 e6 2. d4 d5 3. Nd2 Nf6 4. e5 Nfd7 5. Bd3 c5 6. c3 Nc6 7. Ne2 cxd4 8. cxd4
f6 9. exf6 Nxf6 10. Nf3 Bd6 11. O-O Qc7 12. Bg5 O-O 13. Rc1 h6 14. Bh4 Nh5 15.
Bg3 Nxg3 16. hxg3 a6 17. Bb1 g5 18. Nc3 Qg7 19. Re1 Bd7 20. Na4 g4 21. Nh4 Nxd4
22. Nb6 Rad8 23. Nxd7 Rxd7 24. Ng6 Re8 25. Qxg4 e5 26. Qh5 Nc6 27. Nh4 Qf8 28.
Nf5 Re6 29. Qg4+ Kf7 30. Rcd1 Bc5 31. Qh5+ Kg8 32. Qg4+ Kf7 33. Ne3 Bxe3 34.
Rxe3 Rdd6 35. Rf3+ Rf6 36. Rxf6+ Kxf6 37. f4 e4 38. Qh5 Ke6 39. Bc2 Qf6 40. Bb3
Nd4 41. Qe8+ Kf5 42. Qh5+ Ke6 43. Qe8+ Kf5 44. Qh5+ Ke6 1/2-1/2

[Event "3R-LV-D.H.- Conteneo - Altzaga/Leioa: 1'5-2'5"]
[Site "Bergara"]
[Date "2017.01.28"]
[Round "3.2"]
[White "Varas, Carlos"]
[Black "Gonzalez Pereira, Asier"]
[Result "1-0"]
[WhiteElo "2253"]
[BlackElo "2121"]
[PlyCount "58"]
[EventDate "2017.01.14"]

1. e4 c5 2. Nf3 e6 3. Nc3 a6 4. d4 cxd4 5. Nxd4 Qc7 6. Be2 Nf6 7. O-O Bb4 8.
Qd3 Nc6 9. Nxc6 bxc6 10. Bg5 d5 11. Rad1 Be7 12. Qe3 h6 13. Bh4 Qa7 14. Qd3 a5
15. e5 Nd7 16. Bxe7 Kxe7 17. Qg3 Bb7 18. Kh1 Rag8 19. f4 Qb8 20. Na4 Ba8 21. c4
g5 22. Bh5 gxf4 23. Qxf4 Qxe5 24. Qxf7+ Kd6 25. cxd5 cxd5 26. Rfe1 Rf8 27.
Qxd7+ Kxd7 28. Rxe5 Kc6 29. Nc5 Kd6 1-0

[Event "3R-LV-D.H.- Conteneo - Altzaga/Leioa: 1'5-2'5"]
[Site "Bergara"]
[Date "2017.01.28"]
[Round "3.2"]
[White "Llano Olabarrieta, Joseba"]
[Black "Nava Pereda, Carlos"]
[Result "1-0"]
[WhiteElo "2112"]
[BlackElo "2189"]
[PlyCount "91"]
[EventDate "2017.01.14"]

1. e4 c5 2. Nf3 Nc6 3. Bb5 e5 4. c3 Bd6 5. d4 cxd4 6. O-O a6 7. Bxc6 dxc6 8.
cxd4 Bg4 9. dxe5 Bxf3 10. Qxd6 Bxe4 11. Qb4 Bd5 12. Qg4 Ne7 13. Nc3 Qc8 14. Qg5
Qe6 15. Be3 h6 16. Nxd5 Nxd5 17. Qxg7 O-O-O 18. Qg3 Rhg8 19. Qf3 Rg4 20. Rfe1
Rdg8 21. g3 h5 22. Rad1 h4 23. Rd4 hxg3 24. hxg3 R4g7 25. Bf4 Rh7 26. Ree4 Qf5
27. Kf1 Rgh8 28. Ke2 Rh1 29. g4 Qe6 30. Bg3 Rb1 31. Rd2 Ne7 32. Red4 Nd5 33.
Qf5 Rhh1 34. Qxe6+ fxe6 35. g5 Kd7 36. Rg4 Ke8 37. Kf3 Kf7 38. g6+ Kg7 39. Bh4
Rbg1 40. Rdd4 Rh3+ 41. Ke2 Rb1 42. Bf6+ Kg8 43. Rh4 Rxb2+ 44. Kf1 Rb1+ 45. Kg2
Rxh4 46. Rxh4 1-0

[Event "3R-LV-D.H.- Conteneo - Altzaga/Leioa: 1'5-2'5"]
[Site "Bergara"]
[Date "2017.01.28"]
[Round "3.2"]
[White "Arnaez Gil, Juan Ignacio"]
[Black "Barbazan Bilbao, Xabier"]
[Result "1/2-1/2"]
[WhiteElo "2197"]
[BlackElo "2028"]
[PlyCount "62"]
[EventDate "2017.01.14"]

1. Nf3 Nf6 2. c4 e6 3. g3 d5 4. Bg2 Be7 5. d4 O-O 6. O-O dxc4 7. Qc2 a6 8. Qxc4
b5 9. Qc2 Bb7 10. Bd2 Be4 11. Qc1 Nbd7 12. Ba5 Rc8 13. Nbd2 Bb7 14. Qc2 Qe8 15.
b4 Bd6 16. e4 e5 17. dxe5 Nxe5 18. Nxe5 Qxe5 19. f4 Qd4+ 20. Kh1 Ng4 21. Nb3
Qc4 22. Qxc4 bxc4 23. Nc5 Bxc5 24. bxc5 Ne3 25. Rfb1 Bc6 26. Rb2 Nxg2 27. Kxg2
Bxe4+ 28. Kf2 Rfd8 29. Rc1 f5 30. Rxc4 Rd1 31. Ke2 Rh1 1/2-1/2

[Event "3R-LV-D.H.- Conteneo - Altzaga/Leioa: 1'5-2'5"]
[Site "Bergara"]
[Date "2017.01.28"]
[Round "3.2"]
[White "Ostolazaga Barragan, Eneko"]
[Black "Sadusea, Johnny Fernando"]
[Result "1-0"]
[WhiteElo "2007"]
[BlackElo "2102"]
[PlyCount "56"]
[EventDate "2017.01.14"]

1. e4 c5 2. Nf3 d6 3. d4 cxd4 4. Nxd4 Nf6 5. Nc3 a6 6. Bg5 e6 7. f4 h6 8. Bh4
Qb6 9. a3 Nc6 10. Bf2 Qc7 11. Be2 Be7 12. Bf3 Bd7 13. Qe2 O-O-O 14. O-O Kb8 15.
e5 Ne8 16. Rad1 Nxd4 17. Bxd4 d5 18. Qf2 Rc8 19. Bxd5 Ka8 20. Rd3 Qd8 21. Bf3
Bc6 22. Ne4 Qc7 23. Rfd1 Bd5 24. Rc3 Qd7 25. Bc5 Nc7 26. Bxe7 Qxe7 27. Nd6 Rcd8
28. Qb6 Rd7 1-0

[Event "3R-LV-D.H.- Arrasate/Arlutz - Orvina 'A: 1-3"]
[Site "Bergara"]
[Date "2017.01.28"]
[Round "3.3"]
[White "Miguel Quintero, Francisco"]
[Black "Garbisu De Goni, Unai"]
[Result "1/2-1/2"]
[WhiteElo "2286"]
[BlackElo "2423"]
[PlyCount "50"]
[EventDate "2017.01.14"]

1. e4 c5 2. Nf3 Nc6 3. c3 d5 4. exd5 Qxd5 5. d4 Bg4 6. Be2 cxd4 7. cxd4 e6 8.
h3 Bh5 9. Nc3 Qa5 10. O-O Nf6 11. a3 Be7 12. Qb3 Bxf3 13. Bxf3 Nxd4 14. Qxb7
Nxf3+ 15. Qxf3 O-O 16. Be3 Rab8 17. b4 Qa6 18. Rfd1 Rfd8 19. Bd4 Qb7 20. Qe3 a6
21. Rac1 Rd7 22. Bxf6 Rxd1+ 23. Rxd1 Bxf6 24. Ne4 Be7 25. Qf4 Rf8 1/2-1/2

[Event "3R-LV-D.H.- Arrasate/Arlutz - Orvina 'A: 1-3"]
[Site "Bergara"]
[Date "2017.01.28"]
[Round "3.3"]
[White "Ortega Lopez, Mikel"]
[Black "Miguel Quintero, Antonio"]
[Result "1-0"]
[WhiteElo "2258"]
[BlackElo "2166"]
[PlyCount "99"]
[EventDate "2017.01.14"]

1. e4 e5 2. Nf3 Nf6 3. Nxe5 d6 4. Nf3 Nxe4 5. d4 d5 6. Bd3 Be7 7. O-O O-O 8.
Re1 Nf6 9. h3 h6 10. Bf4 c5 11. dxc5 Bxc5 12. c3 Nc6 13. Qc2 Be6 14. Nbd2 Rc8
15. Nb3 Bb6 16. Qd2 Ne4 17. Bxe4 dxe4 18. Qxd8 Rfxd8 19. Rxe4 Bd5 20. Re2 Bxf3
21. gxf3 Rd5 22. Kg2 g5 23. Be3 Re8 24. Rae1 Rde5 25. Nd2 f5 26. Nc4 R5e6 27.
Nxb6 axb6 28. Kf1 b5 29. Bc5 Kf7 30. Rxe6 Rxe6 31. Rxe6 Kxe6 32. Ke2 Ne5 33.
Bd4 Ng6 34. Be3 Kd5 35. b3 Kd6 36. f4 gxf4 37. Bd4 Ke6 38. Kd3 Kd5 39. Bf6 h5
40. Bg7 Nh4 41. c4+ bxc4+ 42. bxc4+ Kc6 43. Bh6 Nf3 44. Bxf4 Kc5 45. a3 h4 46.
Be3+ Kc6 47. Kc3 Ng1 48. f4 Nxh3 49. Kb4 Ng5 50. fxg5 1-0

[Event "3R-LV-D.H.- Arrasate/Arlutz - Orvina 'A: 1-3"]
[Site "Bergara"]
[Date "2017.01.28"]
[Round "3.3"]
[White "Ruiz Abad, Juan Manuel"]
[Black "Urriza Iricibar, Pablo"]
[Result "0-1"]
[WhiteElo "2097"]
[BlackElo "2174"]
[PlyCount "46"]
[EventDate "2017.01.14"]

1. e4 e6 2. d4 d5 3. Nc3 Bb4 4. Nge2 dxe4 5. a3 Be7 6. Nxe4 Nf6 7. Qd3 Nbd7 8.
N2g3 O-O 9. Be3 b6 10. O-O-O Bb7 11. Ng5 Qc8 12. f4 c5 13. f5 cxd4 14. Bxd4 e5
15. Be3 Nc5 16. Qc4 a5 17. Qc3 Nd5 18. Rxd5 Bxd5 19. Qxe5 Bxg5 20. Bxg5 Qc6 21.
f6 g6 22. Qf4 Rfe8 23. Be2 Rxe2 0-1

[Event "3R-LV-D.H.- Arrasate/Arlutz - Orvina 'A: 1-3"]
[Site "Bergara"]
[Date "2017.01.28"]
[Round "3.3"]
[White "Cinza Lopez, Javier"]
[Black "Alcaide Luque, Aitor"]
[Result "1/2-1/2"]
[WhiteElo "1990"]
[BlackElo "2101"]
[PlyCount "100"]
[EventDate "2017.01.14"]

1. e4 e6 2. d4 d5 3. e5 c5 4. c3 Nc6 5. Nf3 Nh6 6. a3 f6 7. Bd3 Nf7 8. Qe2 Qc7
9. Bf4 cxd4 10. cxd4 g5 11. Be3 g4 12. Nh4 fxe5 13. Qxg4 exd4 14. Bf4 Bd6 15.
Bxd6 Qxd6 16. O-O Bd7 17. f4 O-O-O 18. Nd2 Qe7 19. Qh5 Be8 20. Qg4 Bd7 21. Qh5
Be8 22. Qg4 Qf6 23. Rae1 Bd7 24. Qh5 Rdg8 25. Bb5 Nfd8 26. Bxc6 Nxc6 27. Nhf3
Qxf4 28. Rf2 Rf8 29. Ref1 Rf5 30. Qh3 Qe3 31. Re1 Qf4 32. Ref1 Qe3 33. Re1 Qd3
34. Qg3 Rhf8 35. Rfe2 e5 36. Qg7 R8f7 37. Qg8+ Rf8 38. Qxd5 e4 39. Qxe4 Qb5 40.
Qh4 h5 41. Ne4 Qd5 42. Ng3 d3 43. Rd2 Rxf3 44. gxf3 Ne5 45. Rxe5 Qxe5 46. Qe4
Qc5+ 47. Kg2 Bc6 48. Qe6+ Bd7 49. Ne4 Qc1 50. Qd5 Bc6 1/2-1/2

[Event "3R-LV-D.H.- Sestao EDP (A) - Zuri Baltza: 4-0"]
[Site "Bergara"]
[Date "2017.01.28"]
[Round "3.4"]
[White "Trigo Urquijo, Sergio"]
[Black "Fernandez Hernandez, Gerardo"]
[Result "1-0"]
[WhiteElo "2407"]
[BlackElo "2175"]
[PlyCount "115"]
[EventDate "2017.01.14"]

1. Nf3 Nf6 2. g3 g6 3. Bg2 Bg7 4. O-O O-O 5. d4 d6 6. b3 c6 7. Bb2 Qa5 8. c4
Nbd7 9. Qd2 Qxd2 10. Nbxd2 Re8 11. Rad1 e5 12. dxe5 dxe5 13. Ng5 Nc5 14. b4 h6
15. Ngf3 Ncd7 16. Nb3 Ne4 17. Na5 Kh7 18. a3 Rb8 19. Nd2 Nef6 20. c5 Re7 21.
Ndc4 Ne8 22. Bxc6 bxc6 23. Nxc6 Re6 24. Nxb8 Nxb8 25. Rd8 Ba6 26. Na5 Nc7 27.
Rxb8 Bxe2 28. Re1 Bf3 29. Nc4 f6 30. b5 Nd5 31. Nd2 Bg4 32. Rb7 a6 33. b6 Ne7
34. Rc7 Nd5 35. Rd7 Nxb6 36. cxb6 Rxb6 37. Nc4 Rc6 38. Rxg7+ Kxg7 39. Ne3 Bf3
40. Rc1 Rb6 41. Bc3 Rc6 42. Kf1 Kf7 43. Ke1 Ke6 44. Bd2 Rxc1+ 45. Bxc1 Kd6 46.
Kd2 h5 47. Kc3 Kc5 48. a4 Bc6 49. Ba3+ Kb6 50. Nc4+ Kc7 51. Kb4 e4 52. a5 Kd7
53. Kc5 Bb5 54. Nd6 Bd3 55. Kd4 f5 56. Ke5 Ke7 57. Nxf5+ Kd7 58. Nd6 1-0

[Event "3R-LV-D.H.- Sestao EDP (A) - Zuri Baltza: 4-0"]
[Site "Bergara"]
[Date "2017.01.28"]
[Round "3.4"]
[White "Besga Lopez, Jose Angel"]
[Black "Iruzubieta Villaluenga, Jesus"]
[Result "0-1"]
[WhiteElo "2140"]
[BlackElo "2413"]
[PlyCount "70"]
[EventDate "2017.01.14"]

1. e4 c5 2. Bc4 Nc6 3. c3 Nf6 4. Qe2 e6 5. e5 d5 6. Bb5 Nd7 7. Bxc6 bxc6 8. Nf3
f6 9. d4 cxd4 10. Nxd4 Nc5 11. O-O Ba6 12. Qh5+ g6 13. Qf3 fxe5 14. Nxc6 Qc7
15. Re1 e4 16. Qf6 Bg7 17. Qf4 Qd7 18. Qh4 Qxc6 19. Bh6 O-O 20. Bxg7 Kxg7 21.
Re3 Qc7 22. Nd2 Qf4 23. Qe7+ Rf7 24. Qxc5 Qxf2+ 25. Kh1 Qxd2 26. h3 Rc8 27.
Qd4+ Qxd4 28. cxd4 Rc2 29. Rb3 Bf1 30. g4 Bc4 31. Rc3 Rxc3 32. bxc3 e3 33. Kg2
e2 34. Rb1 Rf1 35. Rb7+ Kf6 0-1

[Event "3R-LV-D.H.- Sestao EDP (A) - Zuri Baltza: 4-0"]
[Site "Bergara"]
[Date "2017.01.28"]
[Round "3.4"]
[White "Ruiz Gomez, Alejandro"]
[Black "Garcia Rodriguez, Inaki"]
[Result "1-0"]
[WhiteElo "2367"]
[BlackElo "1994"]
[PlyCount "127"]
[EventDate "2017.01.14"]

1. d4 d5 2. Bg5 h6 3. Bh4 c5 4. Nc3 Qa5 5. e3 e6 6. a3 cxd4 7. exd4 Bd6 8. Nf3
Ne7 9. Bg3 Bxg3 10. hxg3 Nbc6 11. Qd2 Bd7 12. Be2 a6 13. g4 b5 14. O-O h5 15.
g5 Nf5 16. Qf4 Qb6 17. Rfd1 Qb8 18. Qxb8+ Rxb8 19. Na2 f6 20. Nb4 Nxb4 21. axb4
Rb6 22. Bd3 Nd6 23. Re1 Ke7 24. c3 Nf7 25. Nh4 Kd6 26. g6 Nh6 27. f3 Ng8 28. g3
Ne7 29. Kf2 Rh6 30. f4 f5 31. Rh1 Be8 32. Rae1 Bxg6 33. Nf3 Be8 34. Ng5 Rb8 35.
Ra1 Rb6 36. Rae1 Rb8 37. Ra1 Ra8 38. Ra2 Kc6 39. Re1 Bd7 40. Nf3 Rh7 41. Ne5+
Kc7 42. Rea1 h4 43. Rxa6 Rxa6 44. Rxa6 hxg3+ 45. Kxg3 Kb7 46. Rd6 Bc8 47. Rd8
Kc7 48. Re8 g6 49. Bxb5 Rg7 50. Kh4 Bb7 51. Kg5 Nc8 52. Kh6 Re7 53. Rf8 Nd6 54.
Nxg6 Rf7 55. Rxf7+ Nxf7+ 56. Kg7 Nd6 57. Bd3 Kd7 58. Kf6 Ne8+ 59. Kg5 Nc7 60.
Ne5+ Ke7 61. b3 Ba6 62. Bxa6 Nxa6 63. b5 Nc7 64. c4 1-0

[Event "3R-LV-D.H.- Sestao EDP (A) - Zuri Baltza: 4-0"]
[Site "Bergara"]
[Date "2017.01.28"]
[Round "3.4"]
[White "Hernandez Garcia, Maximo"]
[Black "Marchena Hurtado, Javier"]
[Result "0-1"]
[WhiteElo "2008"]
[BlackElo "2357"]
[PlyCount "74"]
[EventDate "2017.01.14"]

1. e4 c6 2. d4 d5 3. e5 Bf5 4. Nc3 e6 5. g4 Bg6 6. Nge2 c5 7. Be3 Nc6 8. Nf4
cxd4 9. Bxd4 Nge7 10. Nb5 Nc8 11. Nxg6 hxg6 12. Qd2 a6 13. Nc3 N8a7 14. Bxa7
Rxa7 15. O-O-O Be7 16. Kb1 Nxe5 17. Be2 Nc6 18. f4 b5 19. f5 gxf5 20. gxf5 Bf6
21. fxe6 fxe6 22. Bd3 Ne5 23. Rde1 O-O 24. Rxe5 Bxe5 25. Qe3 Qc7 26. Qh3 Rf6
27. Qh7+ Kf7 28. Rg1 Rh6 29. Bg6+ Kf8 30. Rf1+ Bf4 31. Ne2 Rxh7 32. Nxf4 Qc4
33. Nxe6+ Ke7 34. Re1 Rxh2 35. Nd4+ Kd8 36. Nf3 Re7 37. Rg1 Rg2 0-1